| 000 | 01025nam a22002537a 4500 | ||
|---|---|---|---|
| 999 |
_c29438 _d29409 |
||
| 003 | EG-ScBUE | ||
| 005 | 20210920103517.0 | ||
| 008 | 200219n201u ii o f 000 0 eng d | ||
| 040 |
_aEG-ScBUE _beng _erda _cEG-ScBUE _dEG-ScBUE |
||
| 082 | 0 | 4 |
_a613.7046 _bIND _222 |
| 110 | 1 |
_aIndia. _bMinistry of External Affairs. _bPublic Diplomacy Division, _eauthor. _936686 |
|
| 245 | 1 | 0 |
_aInternational day of yoga : _bon the occasion of the first international day of yoga, the world came together to celebrate the importance of yogasanas in daily life / _ceditor, Vikas Swarup [and three others] |
| 264 | 1 |
_aNew Delhi : _bMaxPosure Media Group, _c[201-?] |
|
| 300 |
_a299 pages : _bphotographs ; _c38 cm |
||
| 336 |
_2rdacontent _atext _btxt |
||
| 337 |
_2rdamedia _aunmediated _bn |
||
| 338 |
_2rdacarrier _avolume _bnc |
||
| 650 | 7 |
_aHatha yoga. _2BUEsh |
|
| 653 | 7 |
_aEG-ScBUE _cSeptember2021 _bGGEN |
|
| 655 |
_vReading book _934232 |
||
| 700 | 1 |
_aSwarup, Vikas, _eeditor. |
|
| 942 |
_2ddc _cBB |
||